书目信息 |
| 题名: |
气动液压机床夹具设计
|
|
| 作者: | 徐发仁 编 | |
| 分册: | ||
| 出版信息: | 上海 科学技术出版社 1982.8 |
|
| 页数: | 163页 | |
| 开本: | 26cm | |
| 丛书名: | ||
| 单 册: | ||
| 中图分类: | TG75 | |
| 科图分类: | ||
| 主题词: | 夹具 | |
| 电子资源: | ||
| ISBN: | ||
| 000 | 00535nam0 2200193 45 | |
| 001 | 0312221749 | |
| 005 | 20031222170911.6 | |
| 010 | @dCNY1.05 | |
| 100 | @a20031222d1982 km y0chiy0120 ea | |
| 101 | @achi | |
| 105 | @a z 000yy | |
| 200 | 1 | @a气动液压机床夹具设计@AQi Dong Ye Ya Ji Chuang Jia Ju She Ji@f徐发仁编@FXu Fa Ren Bian |
| 210 | @a上海@c科学技术出版社@d1982.8 | |
| 215 | @a163页@d26cm | |
| 606 | 0 | @a夹具 |
| 690 | @aTG75@v3 | |
| 701 | 0 | @a徐发仁@4编 |
| 801 | @aCN@bTSTCL@c20031222 | |
| 905 | @a213230@dTG75@e2@b122839-840@f2 | |
| 气动液压机床夹具设计/徐发仁编.-上海:科学技术出版社,1982.8 |
| 163页;26cm |
| ISBN :CNY1.05 |
| ● |
| 相关链接 |
|
|
|
|
正题名:气动液压机床夹具设计
索取号:TG75/2
 
预约/预借
| 序号 | 登录号 | 条形码 | 馆藏地/架位号 | 状态 | 备注 |
| 1 | 0122839 | 001363054 | 第三借阅区/ [索取号:TG75/2] | 在馆 | |
| 2 | 0122840 | 001363018 | 第二样本阅览室/ [索取号:TG75/2] | 在馆 |